00683 2200265 4500001002100000005001500021035002000036007000300056008004100059020002200100082001000122084001600132100002000148245004800168250001000216260004000226300003600266500001100302500001400313650003400327700000900361504002500370990001100395990001100406INLIS00000000000424220191017093155 a0010-1019000094ta191017 g 0 ind  a978-979-692-714-2 a371.3 a371.3 NAN e0 aNANA, Supriatna1 aEcopedagogy /cNana Supriatna; editor, Nita acet.2 aBandung :bRemaja Rosdakarya,c2017 axi, 366 hlm. :bilus. ;c24 cm. aIndeks aGlosarium 4aPENDIDIKAN. METODE PENGAJARAN0 aNITA aTermasuk Bibliografi a7032 a a7032 b